El Ingenioso Hidalgo Don Quijote de la Mancha (Record no. 2477)
[ view plain ]
| 000 -CABECERA | |
|---|---|
| campo de control de longitud fija | 02476nam a2200289 a 4500 |
| 001 - NÚMERO DE CONTROL | |
| campo de control | BRCA_2737 |
| 005 - FECHA Y HORA DE LA ÚLTIMA TRANSACCIÓN | |
| campo de control | 20190320203939.0 |
| 008 - DATOS DE LONGITUD FIJA--INFORMACIÓN GENERAL | |
| campo de control de longitud fija | 041208s1898----sp-a---###---#000-0#spa-u |
| 041 ## - CÓDIGO DE LENGUA | |
| Código de lengua del texto/banda sonora o título independiente | spa |
| 044 ## - CÓDIGO DEL PAÍS DE LA ENTIDAD EDITORA/PRODUCTORA | |
| Código MARC del país | sp |
| 084 ## - OTRO NÚMERO DE CLASIFICACIÓN | |
| Número de clasificación | 233 |
| Número de documento/Ítem | .S47 |
| -- | 1898 |
| 100 1# - ENTRADA PRINCIPAL--NOMBRE DE PERSONA | |
| Nombre de persona | Cervantes Saavedra, Miguel de |
| Fechas asociadas al nombre | 1547-1616 |
| 9 (RLIN) | 213 |
| 245 10 - MENCIÓN DE TÍTULO | |
| Título | El Ingenioso Hidalgo Don Quijote de la Mancha |
| Mención de responsabilidad, etc. | compuesto por Miguel de Cervantes Saavedra. |
| 260 ## - PUBLICACIÓN, DISTRIBUCIÓN, ETC. | |
| Lugar de publicación, distribución, etc. | Barcelona |
| Nombre del editor, distribuidor, etc. | Francisco Seix |
| Fecha de publicación, distribución, etc. | 1898 |
| 300 ## - DESCRIPCIÓN FÍSICA | |
| Extensión | 2 v. |
| Otras características físicas | il. a color |
| Dimensiones | 22 cm |
| 500 ## - NOTA GENERAL | |
| Nota general | Contenido : v 1. Primera parte. Proemio de Asensio. Dedicatoria de F. Seix. Tasa. Privilegio. Dedicatoria del autor. Prólogo del autor. Versos preliminares. Texto. -- v 2. Segunda parte. Dedicatoria del autor. Prólogo del autor. Texto |
| 500 ## - NOTA GENERAL | |
| Nota general | Edición : Lujosa edición con un proemio del Sr. José Ma. Asensio de la Real Academia y facsímil de varios documentos indefinidos relativos al autor. Ilustración en cromolitografía de J. Moreno Carbonero y D. L. Barrau cabecera e iniciales policromadas, de diferentes artistas. A. S. M. el Rey Don Alfonso XIII |
| 500 ## - NOTA GENERAL | |
| Nota general | Hermosa edición de lujo. Se basa en el texto corregido por la Academia. Sírvele de introducción un prólogo del cervantista José Ma. Asensio. Este fantaseó mucho en lo referente a la vida de Cervantes, así como en lo que toca a la interpretación de su obra máxima. Aquí mismo, entre los documentos de poca monta, publicada la supuesta carta de Cervantes dirigida al Inquisidor General, Cardenal Sandoval de Rojas, carta hoy en definitiva reputada como falsa. Sin embargo, no todo fue fantasía. En dicho prólogo con acertada crítica deshace los argumentos del Sr. Ortego acerca de su ejemplar del Quijote supuestamente corregido por Cervantes en persona. La parte tipográfica es artística y de buen gusto. Unido a esto la belleza de las láminas de Moreno Carboreno y L. Barrau, la de las cabeceras e iniciales que la exornan, y el buen papel, hace que sea ésta una de las más bellas ediciones que se han publicado en el siglo XIX. Piel; lomos y planos decorados con adornos dorados Lúdovik Osterc |
| 500 ## - NOTA GENERAL | |
| Nota general | QM224 |
| 650 14 - PUNTO DE ACCESO ADICIONAL DE MATERIA--TÉRMINO DE MATERIA | |
| Término de materia o nombre geográfico como elemento de entrada | Novela española |
| Subdivisión cronológica | Época clásica, 1500-1700 |
| 9 (RLIN) | 215 |
| 650 14 - PUNTO DE ACCESO ADICIONAL DE MATERIA--TÉRMINO DE MATERIA | |
| Término de materia o nombre geográfico como elemento de entrada | Literatura española |
| Subdivisión cronológica | Época clásica, 1500-1700 |
| 9 (RLIN) | 216 |
| 650 14 - PUNTO DE ACCESO ADICIONAL DE MATERIA--TÉRMINO DE MATERIA | |
| Término de materia o nombre geográfico como elemento de entrada | Novela española |
| Subdivisión cronológica | Siglo XVII |
| 9 (RLIN) | 217 |
| 650 14 - PUNTO DE ACCESO ADICIONAL DE MATERIA--TÉRMINO DE MATERIA | |
| Término de materia o nombre geográfico como elemento de entrada | Don Quijote (Personaje ficticio) |
| Término indicativo de función/relación | Novela |
| 9 (RLIN) | 218 |
| 740 0# - PUNTO DE ACCESO ADICIONAL--TÍTULO RELACIONADO O ANALÍTICO NO CONTROLADO | |
| Título relacionado o analítico no controlado | El Ingenioso Hidalgo Don Quijote de la Mancha |
| 902 ## - CATALOGADOR | |
| Iniciales | QFM |
| 942 ## - ELEMENTOS DE PUNTO DE ACCESO ADICIONAL (KOHA) | |
| Fuente del sistema de clasificación o colocación | Library of Congress Classification |
| Tipo de ítem Koha | Libros |
| Estado de retiro | Estado de pérdida | Estado dañado | No para préstamo | Localización permanente | Ubicación/localización actual | Fecha de adquisición | Número de inventario | Total de préstamos | Signatura topográfica completa | Código de barras | Fecha visto por última vez | Precio válido a partir de | Tipo de ítem Koha |
|---|---|---|---|---|---|---|---|---|---|---|---|---|---|
| El ejemplar forma parte de la colección y puede ser consultado según las políticas vigentes. | Biblioteca del Museo Franz Mayer (Rogerio Casas-Alatriste) | Biblioteca del Museo Franz Mayer (Rogerio Casas-Alatriste) | 04/12/2008 | QM224 | 233 .S47 1898 (QM224) | 2734 | 22/03/2019 | 22/03/2019 | Libros |